| 000 | 00775nam a2200277Ia 4500 | ||
|---|---|---|---|
| 008 | 160321s9999||||xx |||||||||||||| ||und|| | ||
| 040 | _cHindi | ||
| 082 | _aXI.A/Shastri | ||
| 082 | _bBORI-93937 | ||
| 100 | _aGovind Prasad Shastri | ||
| 245 | _aShuddhi-Shastra aur Aryo Ka Chakravarti Rajya | ||
| 260 | _aBulandashahar | ||
| 260 | _bSharada Bhandar | ||
| 300 | _a256 | ||
| 300 | _cE | ||
| 300 | _ePaperback | ||
| 530 | _u00064311.pdf | ||
| 563 | _aStudy | ||
| 600 | _aGovind Prasad Shastri | ||
| 630 | _aShuddhi-Shastra aur Aryo Ka Chakravarti Rajya | ||
| 650 | _a"Politics,History and Historiography" | ||
| 650 | _aGeneral Indology | ||
| 700 | _aGovind Prasad Shastri | ||
| 730 | _aShuddhi-Shastra aur Aryo Ka Chakravarti Rajya | ||
| 942 | _cBOOK | ||
| 999 |
_c1372574 _d1372571 |
||